00252 a2200097 4500001000700000040003500007100002600042240004100068245003600109362000900145150590 cEscola São Tomás de Aquino aDAVIDSON, Alice Joyce10aA história do filho pródigolpor10aA história do filho pródigo0 a1990